000 00688nam a22002177a 4500
005 20170124110042.0
010 _aA-258352
020 _c00.00
_a0521269806
035 _aA-258352
037 _bCen Lib/Ret
040 _aDPL
_bEN
082 _a793.7
_bBOL
100 _aBolt, Brian
_923938
245 _aThe amazing mathematical amusement arcade /
_cby Brian Bolt
260 _aCambridge
_bCambridge University Press
_c1984
270 _bCambridge
_aThe Pitt Building, Trumpington Street
300 _a130p.:
_c22cm(Hb)
_bill.
650 _aMathematical recreations
_923939
650 _aMathematical puzzles - Collections
_923940
942 _2ddc
_cEN
_h793.7
_mBOL
999 _c128619
_d128619